Reliability of profit forecast for new issues on the Stock Exchange of Singapore /
Saved in:
| Main Author: | |
|---|---|
| Format: | Thesis Book |
| Language: | English |
| Published: |
1992.
|
| Subjects: | |
| Tags: |
Add Tag
No Tags, Be the first to tag this record!
|
| LEADER | 00820cam a2200241 a 4500 | ||
|---|---|---|---|
| 001 | u340740 | ||
| 003 | SIRSI | ||
| 008 | 931125s1992 si v 00 1 eng m | ||
| 035 | |a ABQ-8000 | ||
| 040 | |a UMM | ||
| 043 | |a a-si--- | ||
| 090 | |a HG5750.67 |b A3Cha | ||
| 100 | 1 | 0 | |a Chang, Soy Lee. |
| 245 | 1 | 0 | |a Reliability of profit forecast for new issues on the Stock Exchange of Singapore / |c by Chang Soy Lee. |
| 260 | |c 1992. | ||
| 300 | |a vi, 51 leaves : |b ill. ; |c 30 cm. | ||
| 502 | |a Dissertation (M.B.A.) -- National University of Singapore, 1992. | ||
| 504 | |a Bibliography: leaves 49-51. | ||
| 650 | 0 | |a Stocks |x Prices |z Singapore. | |
| 650 | 0 | |a Stock price forecasting |x Statistical methods. | |
| 948 | |a 25/11/1993 |b 20/08/2002 | ||
| 596 | |a 1 | ||
| 999 | |a HG5750.67 A3CHA |w LC |c 1 |i A504497101 |l STACKS |m P01UTAMA |r Y |s Y |t TESIS |u 30/12/1993 | ||
